[Event "Zlin Region-chT 2223"]
[Site "Czech Republic"]
[Date "2022.11.13"]
[Round "3.2"]
[White "Kocian, Miroslav"]
[Black "Kubin, Petr"]
[Result "1-0"]
[WhiteElo "2053"]
[BlackElo "1976"]
[PlyCount "65"]
[EventDate "2022.10.09"]
[EventType "team-tourn"]
[EventRounds "11"]
[EventCountry "CZE"]
[SourceTitle "EXT 2024"]
[Source "ChessBase"]
[SourceDate "2023.10.10"]
[SourceVersion "1"]
[SourceVersionDate "2023.10.10"]
[SourceQuality "1"]
[WhiteTeam "Zlin II"]
[BlackTeam "Valasska Bystrice Sokol"]
[WhiteTeamCountry "CZE"]
[BlackTeamCountry "CZE"]

1. e4 c5 2. Nf3 d6 3. d4 cxd4 4. Nxd4 Nf6 5. Nc3 a6 6. h3 e5 7. Nb3 Be6 8. Bg5 Be7 9. Bxf6 Bxf6 10. Nd5 Nd7 11. Qd2 0-0 12. Rd1 Rc8 13. c4 Bg5 14. Qb4 Nc5 15. Nxc5 dxc5 16. Qc3 f5 17. Qxe5 Re8 18. Be2 Bd7 19. Qg3 Rxe4 20. Nc3 Rd4 21. 0-0 f4 22. Qf3 Bc6 23. Nd5 Rxd1 24. Rxd1 Qf8 25. Bd3 g6 26. Qg4 Bxd5 27. cxd5 Bh6 28. d6 Rd8 29. Qe6+ Kg7 30. Be4 b5 31. Qe5+ Qf6 32. Qxc5 Qxb2 33. Qc7+ 1-0

[Event "CZE-chT2E 2122"]
[Site "Czech Republic"]
[Date "2021.12.19"]
[Round "5.4"]
[White "Novy, Martin"]
[Black "Kocian, Miroslav"]
[Result "1-0"]
[WhiteElo "2058"]
[BlackElo "2028"]
[PlyCount "41"]
[EventDate "2021.10.17"]
[EventType "team-tourn"]
[EventRounds "11"]
[EventCountry "CZE"]
[SourceTitle "EXT 2024"]
[Source "ChessBase"]
[SourceDate "2023.10.10"]
[SourceVersion "1"]
[SourceVersionDate "2023.10.10"]
[SourceQuality "1"]
[WhiteTeam "Orechov Orel"]
[BlackTeam "Zlin"]
[WhiteTeamCountry "CZE"]
[BlackTeamCountry "CZE"]

1. e4 e5 2. Nc3 Nf6 3. Bc4 Nxe4 4. Qh5 Nd6 5. Qxe5+ Qe7 6. Qxe7+ Bxe7 7. Bb3 Nc6 8. Nd5 Bd8 9. c3 Ne5 10. Bc2 c6 11. Ne3 b6 12. d4 Ng6 13. Nf3 Ba6 14. b3 Nh4 15. Nxh4 Bxh4 16. c4 0-0 17. Ba3 Be7 18. 0-0-0 Rfe8 19. Rhe1 Ne4 20. Bxe7 Rxe7 21. Nf5 1-0

[Event "CZE-chT2E 1819"]
[Site "Czech Republic"]
[Date "2018.10.14"]
[Round "1.6"]
[White "Kocian, Miroslav"]
[Black "Balsinek, Pavel"]
[Result "1/2-1/2"]
[WhiteElo "2031"]
[BlackElo "2007"]
[PlyCount "58"]
[EventDate "2018.10.14"]
[EventType "team-tourn"]
[EventRounds "11"]
[EventCountry "CZE"]
[SourceTitle "EXT 2022"]
[Source "ChessBase"]
[SourceDate "2021.10.06"]
[SourceVersion "1"]
[SourceVersionDate "2021.10.06"]
[SourceQuality "1"]
[WhiteTeam "Zlin"]
[BlackTeam "Prusanky Podluzan"]
[WhiteTeamCountry "CZE"]
[BlackTeamCountry "CZE"]

1. e4 e5 2. Nf3 Nc6 3. Bb5 a6 4. Ba4 Nf6 5. 0-0 Be7 6. d4 0-0 7. dxe5 Nxe4 8. c4 Nc5 9. Bc2 d6 10. exd6 Qxd6 11. a3 Qxd1 12. Rxd1 Bg4 13. Nbd2 Rad8 14. b4 Ne6 15. Re1 Bf6 16. Rb1 Ncd4 17. Be4 c6 18. h3 Nxf3+ 19. Nxf3 Bxf3 20. Bxf3 Bc3 21. Re3 Bf6 22. b5 axb5 23. cxb5 Nd4 24. bxc6 Nxf3+ 25. Rxf3 Rd1+ 26. Kh2 bxc6 27. Rfb3 Rfd8 28. Be3 h6 29. Rxd1 Rxd1 1/2-1/2

[Event "CZE-chT2E 1718"]
[Site "Czech Republic"]
[Date "2018.01.14"]
[Round "6.5"]
[White "Hladik, Josef"]
[Black "Kocian, Miroslav"]
[Result "1-0"]
[WhiteElo "2040"]
[BlackElo "2027"]
[PlyCount "87"]
[EventDate "2017.10.15"]
[EventType "team-tourn"]
[EventRounds "11"]
[EventCountry "CZE"]
[SourceTitle "EXT 2022"]
[Source "ChessBase"]
[SourceDate "2021.10.06"]
[SourceVersion "1"]
[SourceVersionDate "2021.10.06"]
[SourceQuality "1"]
[WhiteTeam "Brno VSK Univ"]
[BlackTeam "Zlin"]
[WhiteTeamCountry "CZE"]
[BlackTeamCountry "CZE"]

1. Nf3 Nf6 2. d4 c5 3. c4 cxd4 4. Nxd4 Nc6 5. Nc3 g6 6. g3 Bg7 7. Bg2 0-0 8. 0-0 Qb6 9. Nc2 d6 10. b3 Bf5 11. Be3 Qa5 12. Bd2 Ng4 13. Nd5 Qd8 14. Rc1 Bb2 15. Rb1 Bxc2 16. Qxc2 Bg7 17. h3 Nd4 18. Qd1 Ne5 19. e3 Ndc6 20. Qe2 e6 21. Nc3 a6 22. a4 Nb4 23. Bxb7 Rb8 24. Bg2 Qb6 25. Rfd1 Rfd8 26. e4 Qc7 27. Bg5 Rd7 28. Na2 Nec6 29. Nxb4 Nxb4 30. Qd2 a5 31. Be3 Na6 32. Bf4 e5 33. Be3 Nc5 34. Qc2 Bf8 35. Rd5 Na6 36. Qc3 Rb4 37. Rb5 Nc5 38. Rxb4 axb4 39. Qxb4 Nxe4 40. Bxe4 d5 41. Qb6 dxe4 42. Qxc7 Rxc7 43. a5 Bb4 44. a6 1-0

[Event "CZE-chT2E 1718"]
[Site "Czech Republic"]
[Date "2017.10.15"]
[Round "1.6"]
[White "Kocian, Miroslav"]
[Black "Fojtik, Tomas"]
[Result "0-1"]
[WhiteElo "2027"]
[BlackElo "2108"]
[PlyCount "70"]
[EventDate "2017.10.15"]
[EventType "team-tourn"]
[EventRounds "11"]
[EventCountry "CZE"]
[SourceTitle "EXT 2022"]
[Source "ChessBase"]
[SourceDate "2021.10.06"]
[SourceVersion "1"]
[SourceVersionDate "2021.10.06"]
[SourceQuality "1"]
[WhiteTeam "Zlin"]
[BlackTeam "Lipovec Garde"]
[WhiteTeamCountry "CZE"]
[BlackTeamCountry "CZE"]

1. e4 c5 2. Nf3 e6 3. d4 cxd4 4. Nxd4 a6 5. Be2 Qc7 6. 0-0 Nf6 7. Qd3 Nc6 8. c3 Bc5 9. Nd2 0-0 10. Kh1 d6 11. N4b3 Ba7 12. Qg3 Kh8 13. f3 Ne5 14. f4 Ng6 15. h4 e5 16. f5 Nf4 17. Rxf4 exf4 18. Qxf4 Bd7 19. Nc4 Bc6 20. Bf3 Rad8 21. Be3 Bxe3 22. Nxe3 Rfe8 23. Nd5 Bxd5 24. exd5 Re5 25. c4 Rde8 26. g4 Qb6 27. Qd2 Ne4 28. Qd4 Qd8 29. g5 Ng3+ 30. Kg2 Nxf5 31. Qf4 Qb6 32. Rc1 g6 33. h5 Qd8 34. hxg6 fxg6 35. Kf2 Rf8 0-1

[Event "CZE-chT2F 1314"]
[Site "Czech Republic"]
[Date "2014.03.23"]
[Round "10.27"]
[White "Kocian, Miroslav"]
[Black "Koci, Tomas1111"]
[Result "1-0"]
[WhiteElo "2015"]
[BlackElo "1710"]
[PlyCount "49"]
[EventDate "2013.11.03"]
[EventType "team-tourn"]
[EventRounds "11"]
[EventCountry "CZE"]
[SourceTitle "EXT 2016"]
[Source "ChessBase"]
[SourceDate "2015.10.08"]
[SourceVersion "1"]
[SourceVersionDate "2015.10.08"]
[SourceQuality "1"]
[WhiteTeam "Zlin II"]
[BlackTeam "Mosty u Jablunkova"]
[WhiteTeamCountry "CZE"]
[BlackTeamCountry "CZE"]

1. e4 e5 2. Nf3 Nf6 3. Nxe5 d6 4. Nf3 Nxe4 5. d4 d5 6. Bd3 Nc6 7. 0-0 Be7 8. Re1 Bg4 9. c4 Nf6 10. cxd5 Nxd5 11. Nc3 0-0 12. Nxd5 Qxd5 13. Be4 Qd8 14. Qd3 g6 15. Bh6 Re8 16. d5 Bb4 17. Re3 Bxf3 18. Bxf3 Ne5 19. Qd4 Bd6 20. Rae1 f6 21. Bd1 Re7 22. b4 Nf7 23. Qxf6 Nxh6 24. Rxe7 Bxe7 25. Rxe7 1-0